00445nam a2200181Ia 4500003000400000005001700004008004100021020001300062040000700075041000800082082001500090100002700105245003000132260005200162300001600214365000800230650002500238OSt20230425160944.0210423s1987 xx 000 0 und d a58216037 cAL aeng a581.1 WILA aWILKINS (Malcolm B),Ed aAdvanced plant physiology aEnglandbLongman Scientific and Technicalc1987 avii,514bPB cINR aPhysiology of Plants